Xây dựng ứng dụng web bằng PHP và My SQL /

Αποθηκεύτηκε σε:
Λεπτομέρειες βιβλιογραφικής εγγραφής
Μορφή: Βιβλίο
Γλώσσα:Vietnamese
Έκδοση: Phương Đông, 2006.
Θέματα:
PHP
Ετικέτες: Προσθήκη ετικέτας
Δεν υπάρχουν, Καταχωρήστε ετικέτα πρώτοι!
Thư viện lưu trữ: Mạng thư viện Đại học Đà Nẵng
LEADER 01081nam a2200325 a 4500
001 000002206
003 02536
005 20220609150950.0
008 171229s2006 vie
040 |a LSK 
041 0 |a VIE 
082 0 |a 005.72  |b PH-K 
245 0 0 |a Xây dựng ứng dụng web bằng PHP và My SQL /  |c Phạm Hữu Khang, Hoàng Đức Hải chủ biên; Phương Lan hiệu đính. 
260 |b Phương Đông,  |c 2006. 
300 |a 384 pages ;  |c 27 cm. 
653 |a Web - Ứng dụng 
653 |a PHP 
653 |a My SQL 
852 |a Phòng Đọc - Phòng Mượn 
901 |a 7 
927 |a Sách tham khảo 
OWN |a LSK 
AVA |a UDN50  |b LSK  |d 005.72 PH-K  |e available  |t Error 5001 Not defined in file expand_doc_bib_avail.  |f 7  |g 0  |h N  |i 1  |k 1 
999 |a From the UDN01 
AVA |a UDN50  |b LSK  |d 005.72 PH-K  |e available  |t Error 5001 Not defined in file expand_doc_bib_avail.  |f 7  |g 0  |h N  |i 1  |k 1 
TYP |a Monograph 
TYP |a Printed language 
980 |a Mạng thư viện Đại học Đà Nẵng